Statistics for Countries that have been to space

Click here to take the quiz!

General Stats

  • This quiz has been taken 53 times
  • The average score is 7 of 9

Answer Stats

YearAnswer% Correct
1961United States
100%
2003China
98%
1957Russia (USSR)
98%
1992Japan
96%
1965France
94%
2013India
83%
2012Iran
44%
2019Israel
35%
2009North Korea
27%

Score Distribution

Percentile by Number Answered

Percent of People with Each Score

Your Score History

You have not taken this quiz